[Event "Midland Ch Forrest Cup"]
[Site "Derby"]
[Date "1992.03.22"]
[Round "6"]
[White "Barnes, Michael H"]
[Black "Stimpson, Paul"]
[Result "1-0"]
[WhiteElo "2152"]
[BlackElo "1824"]
[PlyCount "41"]
[EventDate "1992.03.20"]
[EventType "swiss"]
[EventRounds "6"]
[EventCountry "ENG"]
[SourceTitle "BritBase"]
[Source "John Saunders"]
[SourceDate "2022.11.28"]
[SourceVersion "1"]
[SourceVersionDate "2022.08.23"]
[SourceQuality "1"]

1. g3 Nf6 2. Bg2 d5 3. f4 Bf5 4. Nf3 Nc6 5. c4 e6 6. Qa4 Qd7 7. Nc3 Be7 8. d3
Nb4 9. Qxd7+ Nxd7 10. O-O dxc4 11. e4 Nxd3 12. exf5 Bc5+ 13. Kh1 Nf2+ 14. Rxf2
Bxf2 15. fxe6 fxe6 16. Ne4 Bb6 17. Bd2 Nc5 18. Nxc5 Bxc5 19. Ng5 O-O-O 20. Bc3
Rd3 21. Nxe6 1-0

[Event "Midland Ch Forrest Cup"]
[Site "Derby"]
[Date "1992.03.22"]
[Round "6"]
[White "Cammack, George E"]
[Black "Cooper, David M"]
[Result "0-1"]
[WhiteElo "1392"]
[BlackElo "1936"]
[PlyCount "78"]
[EventDate "1992.03.20"]
[EventType "swiss"]
[EventRounds "6"]
[EventCountry "ENG"]
[SourceTitle "BritBase"]
[Source "John Saunders"]
[SourceDate "2022.11.28"]
[SourceVersion "1"]
[SourceVersionDate "2022.08.23"]
[SourceQuality "1"]

1. d4 e6 2. e3 f5 3. Nd2 Nf6 4. Bd3 d5 5. f4 c5 6. c3 Nc6 7. Ngf3 Be7 8. O-O
Qc7 9. Ne5 Nxe5 10. fxe5 Ne4 11. Nf3 Bd7 12. Bd2 Qb6 13. Rb1 Bb5 14. Be1 Bxd3
15. Qxd3 c4 16. Qc2 O-O 17. b3 cxb3 18. Rxb3 Qc6 19. Qb2 b6 20. Nd2 Bg5 21. Rf3
Rac8 22. Nxe4 fxe4 23. Rg3 Qc4 24. h3 Qf1+ 25. Kh2 Qxe1 26. Qb1 Qxb1 27. Rxb1
Bh4 28. Rg4 g5 29. g3 h5 30. gxh4 hxg4 31. hxg4 gxh4 32. Kh3 Rf3+ 33. Kxh4 Kg7
34. Kg5 Rxe3 35. Rf1 Rf3 36. Rh1 Rh8 37. Rg1 e3 38. a4 e2 39. a5 Rf1 0-1

[Event "Midland Ch Forrest Cup"]
[Site "Derby"]
[Date "1992.03.22"]
[Round "6"]
[White "Gibbons, Michael J"]
[Black "Cole, Graham J"]
[Result "1/2-1/2"]
[WhiteElo "1880"]
[BlackElo "1992"]
[PlyCount "74"]
[EventDate "1992.03.20"]
[EventType "swiss"]
[EventRounds "6"]
[EventCountry "ENG"]
[SourceTitle "BritBase"]
[Source "John Saunders"]
[SourceDate "2022.11.28"]
[SourceVersion "1"]
[SourceVersionDate "2022.08.23"]
[SourceQuality "1"]

1. d4 Nf6 2. c4 e6 3. Nc3 d5 4. cxd5 exd5 5. Bg5 Nbd7 6. e3 h6 7. Bf4 a6 8. Nf3
Be7 9. h3 c5 10. dxc5 Nxc5 11. Be2 Nce4 12. O-O O-O 13. Qb3 Bc5 14. Rfd1 Nxc3
15. bxc3 Qe7 16. Nd4 g5 17. Bh2 Rd8 18. c4 g4 19. hxg4 Nxg4 20. Bxg4 Bxg4 21.
Rd2 Bd6 22. Bxd6 Rxd6 23. cxd5 Rad8 24. f3 Bc8 25. e4 Rg6 26. Rc1 Kh7 27. Qd3
Qh4 28. Nf5 Bxf5 29. exf5 Rg5 30. Qe4 Qg3 31. f6+ Kh8 32. d6 Re5 33. Qd3 Rde8
34. Rf1 Rh5 35. d7 Qh2+ 36. Kf2 Qh4+ 37. Kg1 Qh2+ 1/2-1/2

[Event "Midland Ch Forrest Cup"]
[Site "Derby"]
[Date "1992.03.22"]
[Round "6"]
[White "Joseph, Stephen Mario"]
[Black "Raynes, Paul C"]
[Result "1/2-1/2"]
[WhiteElo "2120"]
[BlackElo "2120"]
[PlyCount "73"]
[EventDate "1992.03.20"]
[EventType "swiss"]
[EventRounds "6"]
[EventCountry "ENG"]
[SourceTitle "BritBase"]
[Source "John Saunders"]
[SourceDate "2022.11.28"]
[SourceVersion "1"]
[SourceVersionDate "2022.08.23"]
[SourceQuality "1"]

1. c4 e6 2. Nf3 f5 3. g3 Nf6 4. Bg2 Be7 5. O-O O-O 6. Nc3 d6 7. d4 a5 8. Nd2 e5
9. d5 Na6 10. a3 Nc5 11. b3 Bd7 12. Bb2 Qe8 13. b4 axb4 14. axb4 Rxa1 15. Qxa1
Na6 16. Qa5 Qh5 17. Ba3 Bd8 18. c5 Qh6 19. Bc1 f4 20. Nf3 Qh5 21. c6 bxc6 22.
dxc6 (22. Qxa6 $18) 22... Bc8 23. Nd5 (23. gxf4 exf4 24. Qxh5 Nxh5 25. b5 $18)
23... fxg3 24. fxg3 Ng4 25. Nf4 $6 (25. h3 $18) 25... Qe8 26. Nd5 Qe6 27. Bg5
Bxg5 28. Nxg5 Rxf1+ 29. Bxf1 Qe8 30. Qa2 Kh8 31. Ne7 $1 Nh6 32. Nxc8 Qxc8 33.
Bh3 Nxb4 34. Qc4 Qb8 35. Bf5 $2 (35. Qe4 $18) 35... d5 (35... Nxc6 $5) 36. Qh4
Qb6+ (36... Qf8 $11) 37. Kg2 (37. Kg2 Qxc6 38. Nf7+ Kg8 39. Nxh6+ gxh6 40. Qe7
$18) 1/2-1/2

[Event "Midland Ch Forrest Cup"]
[Site "Derby"]
[Date "1992.03.22"]
[Round "6"]
[White "Ledger, Andrew J"]
[Black "Gilmore, Simon N"]
[Result "1/2-1/2"]
[WhiteElo "2288"]
[BlackElo "1904"]
[PlyCount "20"]
[EventDate "1992.03.20"]
[EventType "swiss"]
[EventRounds "6"]
[EventCountry "ENG"]
[SourceTitle "BritBase"]
[Source "John Saunders"]
[SourceDate "2022.11.28"]
[SourceVersion "1"]
[SourceVersionDate "2022.08.23"]
[SourceQuality "1"]

1. Nf3 Nf6 2. g3 g6 3. Bg2 Bg7 4. O-O O-O 5. d4 d5 6. c4 dxc4 7. Na3 Be6 8. Qc2
Bd5 9. Nxc4 c6 10. Ncd2 Bxf3 1/2-1/2

[Event "Midland Ch Forrest Cup"]
[Site "Derby"]
[Date "1992.03.22"]
[Round "6"]
[White "Ledger, Stephen C"]
[Black "Mercs, Peter J"]
[Result "1-0"]
[WhiteElo "2112"]
[BlackElo "1960"]
[PlyCount "75"]
[EventDate "1992.03.20"]
[EventType "swiss"]
[EventRounds "6"]
[EventCountry "ENG"]
[SourceTitle "BritBase"]
[Source "John Saunders"]
[SourceDate "2022.11.28"]
[SourceVersion "1"]
[SourceVersionDate "2022.08.23"]
[SourceQuality "1"]

1. f4 e5 2. fxe5 d6 3. exd6 Bxd6 4. Nf3 Nf6 5. d4 O-O 6. Qd3 Re8 7. Bg5 Nc6 8.
c3 h6 9. Bh4 Bf4 10. Nbd2 Qd5 11. Bxf6 Bf5 12. Qc4 Qxc4 13. Nxc4 gxf6 14. g3
Bg5 15. Kf2 Be4 16. h4 b5 17. hxg5 bxc4 18. Rxh6 Rab8 19. Nd2 Rxb2 20. Nxe4
Rxe4 21. Rxf6 Ne7 22. Kf3 Re6 23. Rxe6 fxe6 24. e3 Rc2 25. Bxc4 Nd5 26. Bxd5
exd5 27. Rb1 Rxc3 28. Rb5 Ra3 29. Rxd5 Rxa2 30. Rc5 a5 31. Rxc7 a4 32. Ra7 a3
33. Ke4 Ra1 34. Kd5 a2 35. e4 Rg1 36. Rxa2 Rxg3 37. Ra7 Rxg5+ 38. e5 1-0

[Event "Midland Ch Forrest Cup"]
[Site "Derby"]
[Date "1992.03.22"]
[Round "6"]
[White "McSheehy, Nigel AP"]
[Black "Richardson, Alex"]
[Result "1-0"]
[WhiteElo "2000"]
[BlackElo "1904"]
[PlyCount "39"]
[EventDate "1992.03.20"]
[EventType "swiss"]
[EventRounds "6"]
[EventCountry "ENG"]
[SourceTitle "BritBase"]
[Source "John Saunders"]
[SourceDate "2022.11.28"]
[SourceVersion "1"]
[SourceVersionDate "2022.08.23"]
[SourceQuality "1"]

1. d4 Nf6 2. c4 e6 3. Nc3 Bb4 4. Bg5 h6 5. Bh4 b6 6. f3 Bxc3+ 7. bxc3 d6 8. e3
Nbd7 9. Bd3 Bb7 10. Ne2 Qe7 11. Qc2 e5 12. Ng3 g6 13. Ne4 c6 $2 14. Nxf6+ Nxf6
15. Bxg6 $1 $18 Bc8 16. O-O-O Be6 17. d5 cxd5 18. cxd5 Bd7 19. Bf5 Bb5 20. c4
1-0

[Event "Midland Ch Forrest Cup"]
[Site "Derby"]
[Date "1992.03.22"]
[Round "6"]
[White "Naylor, John"]
[Black "Vere, Joe W"]
[Result "0-1"]
[WhiteElo "2168"]
[BlackElo "2016"]
[PlyCount "98"]
[EventDate "1992.03.20"]
[EventType "swiss"]
[EventRounds "6"]
[EventCountry "ENG"]
[SourceTitle "BritBase"]
[Source "John Saunders"]
[SourceDate "2022.11.28"]
[SourceVersion "1"]
[SourceVersionDate "2022.08.23"]
[SourceQuality "1"]

1. e4 c5 2. Nf3 d6 3. d4 cxd4 4. Nxd4 Nf6 5. Nc3 a6 6. Be3 e5 7. Nf3 Qc7 8. a4
Be7 9. a5 Nbd7 10. Be2 O-O 11. O-O b5 12. axb6 Nxb6 13. Nd5 Nfxd5 14. exd5 Nc4
15. Bc1 f5 16. b3 Nb6 17. c4 Bb7 18. Bd2 Nd7 19. b4 h6 20. Qb3 Kh8 21. Ne1 g5
22. f3 Rac8 23. Be3 Nf6 24. Nd3 f4 25. Bf2 Qd7 26. Nb2 Bd8 27. Rfd1 Qf7 28. Bd3
g4 29. Bf5 gxf3 30. Qxf3 Rb8 31. Qh3 Qg7 32. Nd3 Be7 33. Rdc1 Nh7 34. Ne1 Ng5
35. Qd3 Qf6 36. Be4 Bc8 37. Ra4 Nxe4 38. Qxe4 Bd7 39. Rxa6 Rxb4 40. Nf3 Bf5 41.
Qe1 Rb2 42. c5 e4 $5 43. Bd4 $2 (43. cxd6 $1 Bd8 44. Bd4 exf3 45. Bxf6+ Bxf6
46. Qd1 Rxg2+ 47. Kh1 Rfg8 48. Qf1 $13) 43... exf3 $1 44. Bxf6+ Bxf6 $19 45.
Qf2 (45. Qd1 Rxg2+ 46. Kh1 Rfg8 47. Qxf3 Rf2 $3 $19) 45... Rxf2 46. Kxf2 fxg2
47. Kxg2 Be4+ 48. Kf2 Bd4+ 49. Ke1 dxc5 0-1

[Event "Midland Ch Forrest Cup"]
[Site "Derby"]
[Date "1992.03.22"]
[Round "6"]
[White "Robinson, John K"]
[Black "Burke, Steven J"]
[Result "1/2-1/2"]
[WhiteElo "2096"]
[BlackElo "1960"]
[PlyCount "41"]
[EventDate "1992.03.20"]
[EventType "swiss"]
[EventRounds "6"]
[EventCountry "ENG"]
[SourceTitle "BritBase"]
[Source "John Saunders"]
[SourceDate "2022.11.28"]
[SourceVersion "1"]
[SourceVersionDate "2022.08.23"]
[SourceQuality "1"]

1. d4 c5 2. e4 cxd4 3. c3 dxc3 4. Nxc3 a6 5. Bc4 e6 6. a4 Nc6 7. Nf3 d6 8. O-O
Be7 9. Qe2 Nf6 10. Rd1 e5 11. h3 O-O 12. Bg5 Be6 13. Rac1 Rc8 14. b3 Bxc4 15.
bxc4 Qa5 16. Bxf6 Bxf6 17. Rxd6 Rcd8 18. Rd5 Qb4 19. Qa2 Ne7 20. Rxd8 Rxd8 21.
Ne2 1/2-1/2

[Event "Midland Ch Forrest Cup"]
[Site "Derby"]
[Date "1992.03.22"]
[Round "6"]
[White "Toscano, John"]
[Black "Rogerson, Alan M"]
[Result "1-0"]
[WhiteElo "1848"]
[BlackElo "1880"]
[PlyCount "89"]
[EventDate "1992.03.20"]
[EventType "swiss"]
[EventRounds "6"]
[EventCountry "ENG"]
[SourceTitle "BritBase"]
[Source "John Saunders"]
[SourceDate "2022.11.28"]
[SourceVersion "1"]
[SourceVersionDate "2022.08.23"]
[SourceQuality "1"]

1. e4 c5 2. Nc3 Nc6 3. Nge2 d6 4. d4 cxd4 5. Nxd4 Nf6 6. Bc4 e6 7. Be3 Be7 8.
Qe2 a6 9. O-O-O Qc7 10. Bb3 Na5 11. g4 Nxb3+ 12. axb3 g6 13. g5 Nh5 14. f4 h6
15. gxh6 Rxh6 16. f5 g5 17. fxe6 fxe6 18. Rhg1 Qa5 19. h4 Nf4 20. Bxf4 gxf4 21.
Rg8+ Kf7 22. Rdg1 Bf6 23. Qc4 Qc5 24. Nf5 Rh8 25. R8g6 b5 26. Qxc5 dxc5 27.
Nh6+ Rxh6 28. Rxh6 f3 29. Rh7+ Kf8 30. Rf1 Kg8 31. Rh5 Bb7 32. Rxf3 Bd4 33.
Rg3+ Kf8 34. e5 Ra7 35. Rh8+ Kf7 36. Rh7+ Kf8 37. Rgg7 b4 38. Nd1 Bd5 39. Rxa7
Bxe5 40. Nf2 Kg8 41. Rhd7 Bf6 42. Ng4 Bxh4 43. Rg7+ Kf8 44. Raf7+ Ke8 45. Nf6+
1-0